| 000 | 00669nam a2200253Ia 4500 | ||
|---|---|---|---|
| 003 | OSt | ||
| 005 | 20220918173827.0 | ||
| 006 | a|||||r|||| 00| 0 | ||
| 007 | ta | ||
| 008 | 220917b |||||||| |||| 00| 0 eng d | ||
| 024 | _a8,533 | ||
| 037 | _cTextual | ||
| 040 |
_aARTS _cARTS _beng |
||
| 041 |
_2eng _aeng |
||
| 082 | _aD65,8(B), N6 | ||
| 100 |
_aBhattacharya Tapan _947680 |
||
| 245 | 0 | _aShrinking universe | |
| 260 |
_aNew Delhi _bNational Book Trust _c1996 |
||
| 300 |
_axv,144p _ccm. |
||
| 490 | _aYoung India Library | ||
| 650 |
_aENGINEERING _92968 |
||
| 942 |
_hD65,8(B), N6 _cTEXL _2CC |
||
| 999 |
_c150291 _d150291 |
||